| 000 | nam a22 a 4500 | ||
|---|---|---|---|
| 999 |
_c184060 _d184060 |
||
| 003 | BLK | ||
| 005 | 20221213190657.0 | ||
| 008 | 180411b bul|||||r ||||||| ||bul|| | ||
| 010 | _aKNG00193012000 | ||
| 040 | _aBLK | ||
| 041 |
_aBUL _cBUL |
||
| 080 |
_aНемска литература _b821.112.2 _x-31 _z821.112.2-31 |
||
| 100 | 1 |
_aДьоблин, Алфред _eпърви автор _966054 |
|
| 139 |
_aБерлин - Александерплац : Историята на Франц Биберкопф _bБ 38 |
||
| 245 | 1 | 0 |
_aБерлин - Александерплац _bИсторията на Франц Биберкопф : Роман _cАлфред Дьоблин; прев. от нем. Вили Брюкнер |
| 257 | _aDEU | ||
| 260 |
_aСофия _bНар. култура _c1980 |
||
| 300 |
_a468 с. _c21 см |
||
| 380 | _aX | ||
| 490 |
_aБиблиотека Избрани романи _v8 _9201228 |
||
| 500 | _aОриг. загл. Berlin - Alexanderplatz. - Авт. не е отбелязан на кор. | ||
| 700 | 1 |
_aБрюкнер, Вили _eпрев. от нем. _9377990 |
|
| 852 |
_aЦб 107367 _bЦб |
||
| 856 | 4 |
_qpdf _i0.00 _ldisable |
|
| 942 |
_cKNG _n0 _03 _s1 |
||
| 944 |
_aCR _c13.10.2016 _kКети_Илиева |
||
| 944 |
_aED _c13.10.2016 _kКети_Илиева |
||